Library Logo

Pioneer International University Library Catalogue

A machine called indomitable / (Record no. 9162)

MARC details
000 -LEADER
fixed length control field 00855cam a2200277 a 4500
001 - CONTROL NUMBER
control field 3806822
003 - CONTROL NUMBER IDENTIFIER
control field OSt
005 - DATE AND TIME OF LATEST TRANSACTION
control field 20250901165758.0
008 - FIXED-LENGTH DATA ELEMENTS--GENERAL INFORMATION
fixed length control field 850726s1985 nyu 001 0beng
010 ## - LIBRARY OF CONGRESS CONTROL NUMBER
LC control number 85040270
020 ## - INTERNATIONAL STANDARD BOOK NUMBER
International Standard Book Number 0812912349 :
Terms of availability $16.95 ($21.95 Can.)
040 ## - CATALOGING SOURCE
Original cataloging agency DLC
Transcribing agency DLC
Modifying agency DLC
050 00 - LIBRARY OF CONGRESS CALL NUMBER
Classification number RC 78 .7.N83 D365 1985
Item number D365 1985
082 00 - DEWEY DECIMAL CLASSIFICATION NUMBER
Classification number 616.07/5
Edition information 19
100 1# - MAIN ENTRY--PERSONAL NAME
Personal name Kleinfield, Sonny.
245 12 - TITLE STATEMENT
Title A machine called indomitable /
Statement of responsibility, etc. by Sonny Kleinfield.
250 ## - EDITION STATEMENT
Edition statement 1st ed.
260 ## - PUBLICATION, DISTRIBUTION, ETC.
Place of publication, distribution, etc. New York :
Name of publisher, distributor, etc. Times Books,
Date of publication, distribution, etc. c1985.
300 ## - PHYSICAL DESCRIPTION
Extent 250 p. ;
Dimensions 22 cm.
500 ## - GENERAL NOTE
General note Includes index.
600 10 - SUBJECT ADDED ENTRY--PERSONAL NAME
Personal name Damadian, R.
Fuller form of name (Raymond),
Dates associated with a name 1936-
650 #0 - SUBJECT ADDED ENTRY--TOPICAL TERM
Topical term or geographic name entry element Medicine
General subdivision Research personnel
Geographic subdivision United States
Form subdivision Biography.
650 #0 - SUBJECT ADDED ENTRY--TOPICAL TERM
Topical term or geographic name entry element Cancer
General subdivision Magnetic resonance imaging.
906 ## - LOCAL DATA ELEMENT F, LDF (RLIN)
a 7
b cbc
c orignew
d 1
e ocip
f 19
g y-gencatlg
942 ## - ADDED ENTRY ELEMENTS (KOHA)
Source of classification or shelving scheme Library of Congress Classification
Koha item type Books
Holdings
Withdrawn status Lost status Source of classification or shelving scheme Damaged status Not for loan Home library Current library Shelving location Date acquired Total checkouts Full call number Barcode Date last seen Price effective from Koha item type
    Library of Congress Classification     Main Library Main Library   11/21/2024   RC 78 .7.N83 D365 1985 PIU0008082 11/21/2024 11/21/2024 Books